000
00301nam a2200133Ia 4500
005
20251222141923.0
008
251222s9999||||xx |||||||||||||| ||spa||
020
_a
84-254-1344-3
082
_a
232/S29C
100
_a
Schierse, Franz Joseph
245
0
_a
CristologĂa
264
_b
Herder
942
_c
LIB
999
_c
8791
_d
8791